the Inbetweeners ultimate quiz - Statistics

General Stats
  • This quiz has been taken 1,040 times
  • The average score is 6 of 15
Answer Stats
Answer % Correct
What does Jay jokingly say Will is wearing on his feet when they embark on their first night out clubbing? flippers
63%
In episode one, what is the name of the man Will makes sit next to them, in order for them to have a cider with their carvery? Steve
59%
What sort of seekers does Jay hope to find while in Thorpe Park? cock
55%
What is Jays false DJ name? DJ big penis
54%
According to Jay's dad, what does Neil's dad look like? Vicar
53%
What is Will's mum's name? Polly
46%
Who "couldn't be dealing with a problem child"? Fergus
44%
What drink does Simon pour over his crotch when awoken by Carli, at the end of season 2? Coke
43%
Who does Neil believed to have previously 'pulled' Jay's first girlfriend? David Glover
41%
What is Simon's brothers name? Andrew
35%
What does Will refer to Simon as, while persuading Lauren to accompany him on a rented boat in Swanage? Twat
35%
What is the name of the man who Will is bested by at the club in the Night out in London episode? Dean
27%
What school does Jay's first real girlfriend attend? St Claires
17%
what is the name of their school? Rudge Park Comprehensive
15%
Who was the actor who portrayed a delivery man in Home Alone? Damon Beesley
3%
No matching quizzes found
Score Distribution
Percent of People with Each Score
Percentile by Number Answered
Your Score History
You have not taken this quiz